banner-ar

SUPERVISION: QUALITY AND DDEVESITY THROUGH LEADERSHIP / (Record no. 12538)

MARC details
000 -الفاتح
حقل البيانات ثابتة الطول 00474nam a2200169Ia 4500
008 - عناصر البيانات ثابتة الطول - معلومات عامة
حقل البيانات ثابتة الطول 140319s9999 xx 000 0 eng d
040 ## - مصدر الفهرسة
وكالة الفهرسة الأصلية GCL /
وكالة النسخ GCL
082 04 - رقم تصنيف ديوى العشرى
رقم التصنيف 658.302
رقم المادة C S
100 1# - المدخل الرئيسى - إسم شخصى
الإسم الشخصى CERTO, SAMUEL C.
245 10 - بيان العنوان
العنوان SUPERVISION: QUALITY AND DDEVESITY THROUGH LEADERSHIP /
بيان المسئوليه,etc CERTO, SAMUEL C.
700 1# - المدخل الاضافى - اسم شخصى
الإسم الشخصى LIVESAY, CARINNE
260 ## - PUBLICATION, DISTRIBUTION, ETC. (IMPRINT)
تاريخ النشر أو التوزيع 1994
300 ## - الوصف المادى
التعداد 574 P
650 04 - المدخل الاضافى بالموضوع-مصطلح موضوعى
مصطلح موضوعي SUPERVISION OF EMPLOYEES
942 ## - عناصر المدخل الإضافي( كوها)
مصدر التصنيف او مخطط الترفيف Dewey Decimal Classification
Koha [default] item type كتاب
260 ## - PUBLICATION, DISTRIBUTION, ETC. (IMPRINT)
-- [S.N] :
-- AUSTEN PRESS ،
Holdings
حالة التراجع حالة الفقد حالة تلف ليس للاعارة المكان المؤقت الموقع الحالى تاريخ الاكتساب اجمالي اﻻعارات رقم الطلب الباركود تاريخ اخر مشاهدة تاريخ تفعيل السعر نوع وعاء كوها
        مكتبة القاهرة الكبرى مكتبة القاهرة الكبرى 03/26/2014   658.302\C S 24345 03/26/2014 03/26/2014 كتاب

Powered By

EGPV